000 00417 a2200145 4500
005 20250603092453.0
020 _a81-219-2948-2
100 _aTULSIAN, P.C
245 _aBusiness Statistics: A Self Study Textbook for Professional Courses
250 _a2nd Ed.
260 _aNew Delhi
_bS. CHAND & COMPANY PVT. LTD
_c2014
300 _axvii, ill; tables.
_bNotes,
_c24 cm
700 _aJHUNJHNUWALA, B
942 _2ddc
_cBKS
999 _c3089
_d3089